Exploring geology / (Record no. 100253)
[ view plain ]
| 000 -LEADER | |
|---|---|
| fixed length control field | 00675nam a22002297a 4500 |
| 005 - DATE AND TIME OF LATEST TRANSACTION | |
| control field | 20160613112954.0 |
| 010 ## - LCCN (DPL NO) | |
| LC control number | ENG-115251 |
| 020 ## - INTERNATIONAL STANDARD BOOK NUMBER | |
| International Standard Book Number | 9789352602087 |
| Terms of availability | 999.00 |
| 020 ## - INTERNATIONAL STANDARD BOOK NUMBER | |
| International Standard Book Number | 9352602080 |
| Terms of availability | 999.00 |
| 035 ## - SYSTEM CONTROL NUMBER | |
| System control number | EN-98783 |
| 037 ## - SOURCE OF ACQUISITION | |
| Source of stock number/acquisition | DBAD/PUB |
| 082 ## - DEWEY DECIMAL CLASSIFICATION NUMBER | |
| Classification number | 550 |
| 245 ## - TITLE STATEMENT | |
| Title | Exploring geology / |
| Statement of responsibility, etc | by Stephen J. Reynolds...[et al] |
| 250 ## - EDITION STATEMENT | |
| Edition statement | 4th ed |
| 260 ## - PUBLICATION, DISTRIBUTION, ETC. (IMPRINT) | |
| Place of publication, distribution, etc | New Dellhi |
| Name of publisher, distributor, etc | McGraw Hill Education |
| Date of publication, distribution, etc | 2016 |
| 270 ## - ADDRESS | |
| Address | P-25,Green Park Extension |
| City | New Delhi |
| Postal code | 110016 |
| 300 ## - PHYSICAL DESCRIPTION | |
| Extent | various pagings : |
| Other physical details | ill . |
| Dimensions | 28cm(pbk) |
| 500 ## - GENERAL NOTE | |
| General note | Includes index |
| 650 ## - SUBJECT ADDED ENTRY--TOPICAL TERM | |
| Topical term or geographic name as entry element | Geology |
| Form subdivision | Textbooks |
| 700 ## - ADDED ENTRY--PERSONAL NAME | |
| Personal name | Reynold Stephen J. |
| 942 ## - ADDED ENTRY ELEMENTS (KOHA) | |
| Source of classification or shelving scheme | Dewey Decimal Classification |
| Item type | English Books |
| Call number suffix | EXP |
| Classification part | 550 |
| Withdrawn status | Lost status | Not for loan | Collection code | Home library | Current library | Date acquired | Source of acquisition | Cost, normal purchase price | Full call number | Barcode | Copy number | Cost, replacement price | Koha item type |
|---|---|---|---|---|---|---|---|---|---|---|---|---|---|
| Not For Loan | Non-fiction | D.B.Act.Division | D.B.Act.Division | 09/06/2016 | DBAD/PUB | 999.00 | 550 EXP | EN-98783 | 1 | 999.00 | English Books |
